Statistics for Trees

Click here to take the quiz!

General Stats

  • This quiz has been taken 6 times
    (4 since last reset)
  • The average score is 12 of 61

Answer Stats

HintAnswer% Correct
Prunus americanaAmerican Plum
100%
Taxodium distichumBald Cyprus
100%
Quarcus velutinaBlack Oak
100%
Fagus grandifoliaAmerican Beech
75%
Ulmus americanaAmerican Elm
75%
Carya cordiformusBitternut Hickory
75%
Prunus serotinaBlack Cherry
75%
Nyssa sylvaticaBlack Gum
75%
Quercus macrocarpaBur Oak
75%
Robinia pseudoacaciaBlack Locust
50%
Juglans nigraBlack Walnut
50%
Cephalanthus occ.Button Bush
50%
Quercus montanaChestnut Oak
25%
Gleditsia triacanthosHoney Locust
25%
Pinus taedaLoblolly Pine
25%
Quercus palustrisPin Oak
25%
Cercis canadensisRed Bud
25%
Acer rubrumRed Maple
25%
Quarcus rubraRed Oak
25%
Acer SaccirumSugar Maple
25%
RhusSumac
25%
Platanus occidentalisSycamore
25%
Quarcus albaWhite Oak
25%
Pinus strobusWhite Pine
25%
Pyrus calleryanaCalgary Pear
0%
Catalpa bignoniodesCatalpa
0%
Quercus muehlenbergiiChinkapin Oak
0%
Aralia spinosaDevil's Walking Stick
0%
Juniperus virginianaEastern Red Cedar
0%
Cornus FloridaFlowering Dogwood
0%
Betula populafoliaGrey Birch
0%
Celtis occidentalisHackberry
0%
Ostrya virginianaHop Hornbeam
0%
Carpinus carolinianaHornbeam
0%
Acer palmatumJapanese Maple
0%
Tilia americanaLinden
0%
Carya tomentosaMockernut Hickory
0%
Acer SacciriumNorway Maple
0%
Cornus alternifoliaPagoda Dogwood
0%
Betula papyriferaPaper Birch
0%
Diospyros virginianaPersimon
0%
Carya glabraPignut Hickory
0%
Pinus rigidaPitch Pine
0%
Paulownia tomentosaPrincess Tree
0%
Betula nigraRiver Birch
0%
Quercus coccineaScarlette Oak
0%
Carya ovataShagbark Hickory
0%
Quercus imbricariaShingle Oak
0%
Ulmus pumilaSiberian Elm
0%
Acer saccharinumSilver Maple
0%
Ulmus rubraSlippery Elm
0%
Quercus falcataSouthern Red Oak
0%
Quercus michauxiiSwamp Chestnut Oak
0%
Quarcus bicolorSwamp White Oak
0%
Magnolia virginianaSweetbay Magnolia
0%
Liquidambar styracifluaSweet Gum
0%
Ailanthus altissimaTree of Heaven
0%
Magnolia tripetalaUmbrella Magnolia
0%
Morus albaWhite Mulberry
0%
Picea glaucaWhite Spruce
0%
Quercus phellosWillow Oak
0%

Score Distribution

Percentile by Number Answered

Percent of People with Each Score

Your Score History

You have not taken this quiz since the last reset